000 00436nam a2200193Ia 4500
008 240510s9999 xx 000 0 und d
020 _a0000070150710
041 _aEng
082 _a005.43
082 _bD13
100 _aDAHMKE, Mark
245 0 _aMicrocomputer operating systems
260 _bPeterborough, N.H. : BYTE
260 _c1982
300 _a226 p.
650 _aMicroprocessors
942 _2ddc
942 _cLBK
999 _c24413
_d24413
945 _a1
_bMadushi Gamage
_c1
_dMadushi Gamage